| 000 | 00958nam a2200301 a 4500 | ||
|---|---|---|---|
| 999 |
_c127907 _d127907 |
||
| 001 | 1027059 | ||
| 003 | ARRUPE | ||
| 005 | 20180412083944.0 | ||
| 008 | 880707s1988 sz b 000 0 fre | ||
| 010 | _a 88158035 | ||
| 020 | _a0283091053 | ||
| 040 |
_aDLC _cDLC _dDLC |
||
| 050 | 0 | 0 |
_aBX320.2 _b.B737 1988 |
| 082 | 0 | 0 |
_a262/.0011 _219 |
| 100 | 1 |
_aBorrély, André. _941446 |
|
| 245 | 1 | 2 |
_aL'œcuménisme spirituel / _cAndré Borrely et Max Eutizi. |
| 260 |
_aGenève : _bLabor et fides, _cc1988. |
||
| 300 |
_a250 p. ; _c21 cm. |
||
| 440 | 0 |
_aPerspective orthodoxe ; _vno 8 _941447 |
|
| 504 | _aIncludes bibliographical references. | ||
| 610 | 2 | 0 |
_aOrthodox Eastern Church _xDoctrines. _916511 |
| 700 | 1 |
_aEutizi, Max, _d1948- _941448 |
|
| 906 |
_a7 _bcbc _corignew _d4 _encip _f19 _gy-gencatlg |
||
| 942 |
_2lcc _cMONOGRAPH |
||